000 00466cam a2200181ua 4500
001 2753
008 110907n ii |||gr||||Z||||||asm
040 _cMAIN
082 _a891.4512
100 1 _aSharma, Satyandra Nath,
_eAuthor.
245 1 1 _aAsamiya natya sahitya
_cby Satyandra nath Sharma
250 _a7th.
260 _aGuahati:
_bsaumar Prakashan,996.
300 _a372p:
_c23cm.
653 _aAssamese drama
653 _aAsamiya natya sahitya
942 _cBK
999 _c2602
_d2602